| 000 | 01493nam a22003251 4500 | ||
|---|---|---|---|
| 001 | 31124 | ||
| 003 | BD-RjUL | ||
| 005 | 20211209051649.0 | ||
| 008 | 140413s1954 enkf b 001 0 eng d | ||
| 035 | _a(BD-RjUL)31211 | ||
| 035 | _a(OCoLC)424183 | ||
| 040 |
_aDLC _cOAU _dOCoLC _dDLC _dBD-RjUL _beng |
||
| 041 | _aeng | ||
| 082 | 0 | 0 |
_a294.32 _bEVT 1954 |
| 100 | 2 |
_aEvans-Wentz, W. Y. _q(Walter Yeeling), _d1878-1965, _994662 |
|
| 245 | 1 | 4 |
_aThe Tibetan book of the great liberation : _bor, The method of realizing nirvana through knowing the mind, preceded by an epitome of Padma-Sambhava's biography and followed by Guru Phadampa Sangay's teachings. According to English renderings by Sardar Bahädur S. W. Laden La and by the Lāmas Karma Sumdhon Paul, Lobzang Mingyur Dorje, and Kazi Dawa-Samdup / _cIntroductions, annotations, and editing by W. Y. Evans-Wentz. With psychological commentary by C. G. Jung. |
| 260 |
_aLondon ; _aNew York : _bOxford University Press, _c1954. |
||
| 300 |
_alxiv, 261 p. 9 plates. _c23 cm. |
||
| 504 | _aIncludes bibliographical references and index. | ||
| 650 | 0 |
_aBuddha and Buddhism. _94353 |
|
| 650 | 0 |
_aNirvana. _95392 |
|
| 650 | 0 |
_aYoga. _994663 |
|
| 700 | 0 |
_aPadma Sambhava, _dapproximately 717-approximately 762. _994664 |
|
| 700 | 0 |
_aYeshey Tshogyal. _994665 |
|
| 700 | 0 |
_aPhadampa Sangay, _dactive 1100. _994666 |
|
| 700 | 1 |
_aJung, C. G. _q(Carl Gustav), _d1875-1961. _95179 |
|
| 942 |
_2ddc _cBK |
||
| 999 |
_c31124 _d31124 |
||